Länder, die Felix von "Briefe von Felix" bereist hat. - Statistiken

Allgemein
  • Dieses Quiz wurde 24 mal gespielt
  • Das Durchschnittsergebnis liegt bei 3 aus 18
Answers on the Grid
Answers color-coded by a green-red scale on the quiz's grid according to % correct below.
Frankreich
Mexiko
Slowenien
Neuseeland
Israel
Japan
Griechenland
Ungarn
Bulgarien
China
Russland
Norwegen
Deutschland
Spanien
Island
Slowenien
Kenia
Ägypten
Australien
Portugal
Kroatien
Lettland
Kanada
Brasilien
Polen
Marokko
Finnland
Vereinigte Staaten
Indien
Großbritannien
 
Antwortstatistiken
Antwort % Korrekt
Frankreich
45%
Großbritannien
45%
Vereinigte Staaten
36%
Ägypten
27%
Japan
27%
Israel
18%
Norwegen
18%
Polen
18%
Griechenland
9%
Kenia
9%
Slowenien
9%
Spanien
9%
Australien
0%
Bulgarien
0%
Kroatien
0%
Lettland
0%
Slowenien
0%
Ungarn
0%
Keine übereinstimmenden Quizze gefunden
Verteilung der Resultate
Anzahl Personen mit jedem Resultat
Perzentil nach korrekt beantworteten Fragen
Ihre Resultats-Entwicklung
Sie haben dieses Quiz noch nicht gespielt